US Cities with the Highest Population Density - Statistics

General Stats
  • This quiz has been taken 141 times
  • The average score is 17 of 30
Answer Stats
State City Density
per km²
Density
per mi²
% Correct
New York New York City 10,699 27,710
100%
Florida Miami 5,217 13,512
97%
Massachusetts Boston 5,673 14,693
95%
California San Francisco 7,376 19,104
95%
California East Los Angeles 6,051 15,672
94%
Illinois Chicago 4,575 11,849
87%
Pennsylvania Philadelphia 4,577 11,854
87%
New Jersey Newark 4,524 11,717
86%
Washington Seattle 3,606 9,340
81%
New Jersey Jersey City 7,100 18,389
79%
Rhode Island Providence 3,753 9,720
77%
---------- Washington D.C. 4,095 10,606
73%
California Long Beach 3,528 9,138
60%
Virginia Alexandria 4,285 11,098
55%
New York Yonkers 4,266 11,049
54%
Massachusetts Cambridge 7,354 19,046
53%
Virginia Arlington 3,512 9,096
52%
Connecticut Bridgeport 3,437 8,902
51%
New Jersey Elizabeth 4,048 10,484
47%
California Santa Ana 4,662 12,075
45%
New Jersey Paterson 6,694 17,337
44%
Florida Hialeah 4,351 11,269
38%
California Berkeley 4,522 11,712
35%
California Daly City 5,387 13,952
23%
California Inglewood 4,628 11,987
21%
California San Mateo 3,330 8,625
17%
California Garden Grove 3,662 9,485
12%
California Downey 3,464 8,972
11%
California Norwalk 4,150 10,749
10%
California El Monte 4,664 12,080
8%
No matching quizzes found
Score Distribution
Percent of People with Each Score
Percentile by Number Answered
Your Score History
You have not taken this quiz